000 00718nam a22001337a 4500
999 _c533814
_d533814
008 260630b ||||| |||| 00| 0 eng d
100 _a Minz, Sumit Kumar
_961446
245 _aDiplomacy and India-middle East-Europe economic corridor
260 _aThird Concept
300 _a40(472), Jun, 2026: p.17-20
520 _aThe India middle East-Europe economic corridor (MEC), launched at the 2023 summit, seeks to enhance connectivity between India, the Gulf, and Europe through a multimodal tar de network. Positioned as anon alternative to China’s belt and road Imitative, it reflects the growing role of geo-economics and infrastructure diplomacy. – Reproduced
773 _aThird Concept
942 _cAR